Normal view
MARC view
- Narayan, R. K.,
Entry Nombre Personal
001 - NUMERO DE CONTROL
- campo de control: 38158
003 - IDENTIFICADOR DE NUMERO DE CONTROL
- campo de control: UPN
005 - FECHA Y HORA DE LA ÜLTIMA TRANSACCIÓN
- campo de control: 20210219194532.0
008 - DATOS DE LONGITUD FIJA
- campo de control de longitud fija: nabaccnnaabn|||||||||| b |nc|||||d
035 ## - NUMERO DE CONTROL
- Número de control: UPN11000010265
040 ## - FUENTE DE CATALOGACIÓN
- Lenguaje de catalogación: SPA
- Agencia de transcripción: UPN
053 #4 - NÚMERO DE CLASIFICACIÓN LC
- Número de clasificación elemento-número único o número inicial de tramo: PR9499.3 N3.7
100 1# - ENCABEZAMIENTO - NOMBRE PERSONAL
- Nombre personal: Narayan, R. K.,
- Fechas asociadas con el nombre: 1906-2001
670 ## - FUENTE EN LA QUE SE LOCALIZARON DATOS
- Cita de la fuente: LC
680 ## - NOTA PUBLICA DE ACCESO PÚBLICO
- Frase explicativa de la referencia: Escritor de literatura india en inglés
902 ## - CATALOGADOR
- Catalogador: MMA/280616
